00628 2200205 4500001002100000005001700021008004100038035002400079041000800103043001200111082001500123090002400138245005000162250001100212260010900223300002500332650003800357850001200395999001500407YOGYA-0209000002299520090227023729.0 ind  0010-020900000022995 aInd aYOPDYOG a338.620 25 aYOG 338.620 25bBuk aBUKU petunjuk perusahaan kotamadya Yogyakarta aCet. 1 aYogyakartabPemerintah Daerah Tingkat II Kotamadya Yogyakarta Markas Wilayah Pertahanan Sipil 1001c1978 a260 hlmbilusc21 cm aPerusahaan daerah - Buku petunjuk aYOPDYOG a06A0021065